[Event "Championnat de France des Jeunes - Juni"]
[Site "MONTLUCON"]
[Date "2011.04.17"]
[Round "1.4"]
[White "Vidal, Llewellyn"]
[Black "Stephan, Victor"]
[Result "0-1"]
[WhiteElo "1990"]
[BlackElo "2278"]
[PlyCount "89"]

1. f4 d5 2. e3 Nf6 3. Nf3 g6 4. d4 Bg7 5. Bd3 O-O 6. O-O c5 7. c3 b6 8. Qe2 Bb7
9. b3 a5 10. a4 Ne4 11. Bb2 Nd7 12. Na3 Ndf6 13. c4 e6 14. Rfd1 Qe7 15. Nb5
Rfd8 16. Rac1 Ne8 17. Qc2 Rac8 18. Bxe4 dxe4 19. Ng5 cxd4 20. Ba3 Qf6 21. Nxe4
Qf5 22. Nbd6 Bxe4 23. Nxf5 Bxc2 24. Ne7+ Kh8 25. Rxc2 dxe3 26. Rcc1 e2 27. Rxd8
Rxd8 28. Kf2 Rd2 29. Re1 Bd4+ 30. Kf3 Nf6 31. Nc6 Rd3+ 32. Kxe2 Re3+ 33. Kf1
Rxb3 34. Be7 Bc3 35. Ne5 Kg7 36. Rd1 Bxe5 37. fxe5 Ng4 38. Re1 f6 39. exf6+ Kf7
40. c5 bxc5 41. Rc1 c4 42. Ke2 Re3+ 43. Kd1 c3 44. Rc2 Nxf6 45. Bd8 0-1

[Event "Championnat de France des Jeunes - Juni"]
[Site "MONTLUCON"]
[Date "2011.04.17"]
[Round "1.5"]
[White "Ludwig, Remi"]
[Black "Nari, Damien"]
[Result "1-0"]
[WhiteElo "2253"]
[BlackElo "1913"]
[PlyCount "87"]

1. d4 f5 2. c4 Nf6 3. g3 g6 4. Bg2 Bg7 5. Nc3 O-O 6. Nh3 d6 7. d5 Bd7 8. O-O
Na6 9. Be3 c6 10. Qd2 Re8 11. Rab1 Qc8 12. a3 Nc7 13. b4 Ng4 14. Bd4 Ne5 15. c5
Nxd5 16. Nxd5 cxd5 17. Bxe5 dxe5 18. Qxd5+ Be6 19. Qxb7 Rb8 20. Qxc8 Rexc8 21.
Ng5 Bc4 22. Rbc1 Bf6 23. Rxc4 Bxg5 24. Bd5+ Kg7 25. Be6 Rc7 26. f4 exf4 27.
gxf4 Bh6 28. c6 Kf6 29. Bd7 e5 30. e3 Bf8 31. Rb1 Rb5 32. a4 Rd5 33. Kf1 Be7
34. Rbc1 g5 35. fxg5+ Kxg5 36. Bxf5 Rd2 37. Be4 Rxh2 38. Bg2 Rh4 39. b5 Rxc4
40. Rxc4 Bd8 41. Bh3 Rf7+ 42. Ke2 Kf6 43. Kd3 Re7 44. c7 1-0

[Event "Championnat de France des Jeunes - Juni"]
[Site "MONTLUCON"]
[Date "2011.04.17"]
[Round "1.6"]
[White "Lemarchand, Matthieu"]
[Black "Villegas, Pierre"]
[Result "0-1"]
[WhiteElo "1903"]
[BlackElo "2246"]
[PlyCount "78"]

1. e4 c5 2. Nf3 d6 3. d4 cxd4 4. Qxd4 a6 5. Nc3 Nc6 6. Qd1 Nf6 7. h3 b5 8. Bd3
e6 9. O-O Be7 10. Bf4 e5 11. Bh2 O-O 12. Re1 Bb7 13. Bf1 Rc8 14. Qd2 Na5 15. b3
Qc7 16. Nd5 Nxd5 17. exd5 Qc3 18. Rad1 Qxd2 19. Rxd2 Rc3 20. Nxe5 dxe5 21. Bxe5
Bf6 22. Bxf6 gxf6 23. Re7 Bc8 24. d6 Bf5 25. Ra7 Rc6 26. Bxb5 axb5 27. Rxa5
Bxc2 28. Rxb5 Rd8 29. Rbd5 Be4 30. R5d4 Bf5 31. b4 Bd7 32. b5 Rc1+ 33. Kh2 Bxb5
34. a4 Bd7 35. Ra2 Rc6 36. g4 Rb6 37. f4 Ra8 38. Rc2 Rd8 39. Rc7 Bxa4 0-1

[Event "Championnat de France des Jeunes - Juni"]
[Site "MONTLUCON"]
[Date "2011.04.17"]
[Round "1.7"]
[White "Blum, Nicolas"]
[Black "Louis-Sidois, Charles"]
[Result "1/2-1/2"]
[WhiteElo "2245"]
[BlackElo "1901"]
[Annotator "Rivier,Sylvain"]
[PlyCount "66"]

1. e4 c5 2. Nf3 d6 3. c3 g6 4. d4 cxd4 5. cxd4 Nf6 6. Nc3 Bg7 7. Bc4 O-O 8. O-O
Nxe4 9. Bxf7+ Rxf7 10. Nxe4 Nc6 11. d5 Ne5 12. Nfg5 Rf8 13. Qb3 h6 14. Ne6 Bxe6
15. dxe6 Qb6 16. Qh3 h5 17. Qe3 Qxe3 18. Bxe3 Nc4 19. Rac1 d5 20. Nd2 Bxb2 21.
Rb1 Nxe3 22. fxe3 Bc3 23. Rxf8+ Rxf8 24. Nf3 Rf6 25. Rxb7 Rxe6 26. Rxa7 Rxe3
27. Rd7 Re2 28. Rxd5 Rxa2 29. Rd3 Bb4 30. Kf1 Bc5 31. Rd2 Rxd2 32. Nxd2 Kf7 33.
Ke2 Ke6 {suite illisible} 1/2-1/2

[Event "Championnat de France des Jeunes - Juni"]
[Site "MONTLUCON"]
[Date "2011.04.17"]
[Round "1.8"]
[White "Plessis, Arnaud"]
[Black "Fantinel, Thibault"]
[Result "0-1"]
[WhiteElo "1882"]
[BlackElo "2235"]
[PlyCount "32"]

1. e4 c5 2. d4 cxd4 3. c3 Nf6 4. e5 Nd5 5. cxd4 d6 6. Bc4 e6 7. Nf3 Nc6 8. O-O
Be7 9. Bxd5 exd5 10. exd6 Qxd6 11. h3 O-O 12. Nc3 Bf6 13. Nb5 Qd8 14. Bf4 Bf5
15. Ne5 Qb6 16. Qb3 Nxd4 0-1

[Event "Championnat de France des Jeunes - Juni"]
[Site "MONTLUCON"]
[Date "2011.04.17"]
[Round "1.9"]
[White "Bouget, Alexandre"]
[Black "Toenz, Arthur"]
[Result "1-0"]
[WhiteElo "2189"]
[BlackElo "1875"]
[PlyCount "77"]

1. d4 d6 2. c4 g6 3. Nc3 c6 4. e4 e5 5. Be3 Bg7 6. dxe5 dxe5 7. Qxd8+ Kxd8 8.
O-O-O+ Kc7 9. Bc5 b6 10. Bd6+ Kb7 11. Be2 Nh6 12. Nf3 f6 13. Kb1 a5 14. Rd3 Be6
15. Nd2 Nf7 16. Na4 Rd8 17. Bc5 Rxd3 18. Bxd3 Nd7 19. Bxb6 f5 20. Bc5 Bh6 21.
Be3 Bxe3 22. fxe3 Nd6 23. exf5 gxf5 24. c5 Nb5 25. Rf1 e4 26. Bc4 Bxc4 27. Nxc4
Rg8 28. g3 Rg5 29. Nxa5+ Kc7 30. Nc4 h5 31. Rf2 Nf6 32. Ne5 Ng4 33. Nxg4 hxg4
34. Nb6 f4 35. Rxf4 Rxc5 36. Na4 Rc4 37. b3 Rb4 38. Rxg4 Na3+ 39. Kc1 1-0

[Event "Championnat de France des Jeunes - Juni"]
[Site "MONTLUCON"]
[Date "2011.04.17"]
[Round "1.10"]
[White "Pellicano, Marc"]
[Black "Gertosio, Franck"]
[Result "1-0"]
[WhiteElo "1862"]
[BlackElo "2166"]
[Annotator "Rivier,Sylvain"]
[PlyCount "97"]

1. d4 Nf6 2. c4 g6 3. Nf3 Bg7 4. Nc3 d5 5. e3 O-O 6. Bd3 c5 7. h3 cxd4 8. exd4
h6 9. O-O Be6 10. c5 Nc6 11. Re1 Qc8 12. Bb5 Bf5 13. Bxc6 bxc6 14. Rxe7 Be6 15.
Bf4 Nd7 16. Bd6 Rd8 17. Qe2 Bf6 18. Rxe6 fxe6 19. Qxe6+ Kg7 20. b4 Ne5 21. Qxc8
Nxf3+ 22. gxf3 Raxc8 23. Rd1 Kf7 24. b5 Be7 25. Be5 cxb5 26. Nxb5 a6 27. Na7
Ra8 28. Nc6 Rdc8 29. Nb4 Re8 30. Nxd5 Bxc5 31. Nc7 Rxe5 32. dxe5 Rc8 33. Rd7+
Be7 34. Nd5 Ke6 35. Rxe7+ Kxd5 36. e6 Rc1+ 37. Kg2 Re1 38. Rh7 Kxe6 39. Rxh6
Kf5 40. Rh4 Re5 41. Ra4 a5 42. Kg3 Kf6 43. f4 Rc5 44. Kg4 Rb5 45. Rc4 Rb2 46.
a3 Rb5 47. Rc6+ Kf7 48. Ra6 Rc5 49. a4 {suite illisible} 1-0

[Event "Championnat de France des Jeunes - Junio"]
[Site "MONTLUCON"]
[Date "2011.04.18"]
[Round "2.1"]
[White "Hutois, Mickael"]
[Black "Demuth, Adrien"]
[Result "0-1"]
[WhiteElo "2142"]
[BlackElo "2375"]
[PlyCount "72"]

1. e4 e5 2. Nf3 Nc6 3. Bc4 Nf6 4. d3 Be7 5. O-O O-O 6. Re1 d6 7. c3 h6 8. Nbd2
Nh7 9. d4 exd4 10. cxd4 Bg4 11. h3 Bh5 12. g4 Bg6 13. Nf1 Ng5 14. Nxg5 Bxg5 15.
Ng3 Qf6 16. Be3 Bxe3 17. fxe3 Rae8 18. Bd3 Nb4 19. Bb1 c5 20. Rf1 Qg5 21. Qd2
Nc6 22. Rf2 h5 23. gxh5 Qxg3+ 24. Rg2 Qh4 25. hxg6 fxg6 26. Bd3 Rf3 27. Bc4+
Kh7 28. Rf1 Rxf1+ 29. Bxf1 cxd4 30. Rg4 Qf6 31. Qe1 Ne5 32. Qh4+ Qxh4 33. Rxh4+
Kg8 34. Kf2 g5 35. Rh5 Rf8+ 36. Kg2 dxe3 0-1

[Event "Championnat de France des Jeunes - Junio"]
[Site "MONTLUCON"]
[Date "2011.04.18"]
[Round "2.2"]
[White "Massoni, Michael"]
[Black "Contout, Aime"]
[Result "1-0"]
[WhiteElo "2338"]
[BlackElo "2097"]
[PlyCount "97"]

1. e4 c5 2. Nf3 d6 3. d4 cxd4 4. Nxd4 Nf6 5. Nc3 e6 6. Be2 Be7 7. O-O a6 8. f4
b5 9. Bf3 Ra7 10. Be3 Rd7 11. a3 O-O 12. g4 Bb7 13. Qe1 Nc6 14. Rd1 Na5 15. g5
Ne8 16. Qg3 Nc4 17. Bc1 Qb6 18. b3 e5 19. bxc4 exd4 20. Nd5 Bxd5 21. cxd5 Rc7
22. Qf2 b4 23. Bb2 bxa3 24. Bxd4 Qa5 25. Bb6 Qa4 26. Bxc7 Nxc7 27. c4 Bd8 28.
c5 dxc5 29. Qxc5 Nb5 30. d6 Qa5 31. Kh1 Bb6 32. Qc4 Rd8 33. e5 Qc3 34. Qxc3
Nxc3 35. Rd3 Ba5 36. Ra1 Bb4 37. Kg2 f6 38. Rxa3 Bxa3 39. Rxc3 Bb4 40. Rc4 a5
41. Bd5+ Kf8 42. Kf3 fxe5 43. fxe5 Bxd6 44. exd6 Rxd6 45. Be4 Ra6 46. Bxh7 g6
47. Rc8+ Kg7 48. Bg8 Ra8 49. Ke4 1-0

[Event "Championnat de France des Jeunes - Junio"]
[Site "MONTLUCON"]
[Date "2011.04.18"]
[Round "2.3"]
[White "Le Goff, Ronan"]
[Black "Sochacki, Wojtek"]
[Result "1/2-1/2"]
[WhiteElo "2055"]
[BlackElo "2294"]
[PlyCount "88"]

1. d4 g6 2. Nf3 Bg7 3. Bf4 d6 4. Nc3 Nd7 5. e4 a6 6. a4 e6 7. Bc4 Ne7 8. O-O
O-O 9. Qd2 b6 10. Rad1 Bb7 11. Bh6 Nf6 12. Bxg7 Kxg7 13. Qe2 Re8 14. Ng5 d5 15.
Bd3 c5 16. Qf3 Rf8 17. dxc5 bxc5 18. e5 Nd7 19. Qh3 h6 20. Nf3 Nc6 21. Rfe1 Qc7
22. Qg3 Nb4 23. b3 Rac8 24. Qf4 Kh7 25. Qh4 Qd8 26. Qg4 Qe7 27. Nh4 Rg8 28. Nb1
Nxd3 29. Rxd3 c4 30. Rh3 cxb3 31. cxb3 Kg7 32. Rg3 Kf8 33. Nf3 Nc5 34. Nd4 Kg7
35. f4 Kh7 36. Nd2 Ne4 37. Nxe4 dxe4 38. Kh1 Qb4 39. Rd1 h5 40. Rh3 Rcd8 41.
Rxh5+ gxh5 42. Qxh5+ Kg7 43. Qg5+ Kh7 44. Qh5+ Kg7 1/2-1/2

[Event "Championnat de France des Jeunes - Junio"]
[Site "MONTLUCON"]
[Date "2011.04.18"]
[Round "2.4"]
[White "Stephan, Victor"]
[Black "Devallee, Jeremie"]
[Result "1-0"]
[WhiteElo "2278"]
[BlackElo "2049"]
[PlyCount "69"]

1. Nf3 Nf6 2. c4 e6 3. g3 b6 4. Bg2 Bb7 5. O-O Be7 6. d4 O-O 7. Nc3 Ne4 8. Bd2
f5 9. Qc2 Nxc3 10. Bxc3 d6 11. Rfd1 Nd7 12. b4 Qe8 13. d5 e5 14. Rab1 g5 15. c5
bxc5 16. bxc5 Ba6 17. cxd6 cxd6 18. Qd2 Qg6 19. Nxe5 Nxe5 20. Bxe5 Rae8 21. Bd4
Bf6 22. e3 f4 23. exf4 Bxd4 24. Qxd4 gxf4 25. Bh3 Re5 26. Be6+ Kh8 27. Qxa7
fxg3 28. hxg3 Rg5 29. Qd4+ Re5 30. Re1 Qf6 31. Rxe5 dxe5 32. Qe3 e4 33. Rb4
Qa1+ 34. Kh2 Qd1 35. Qc3+ 1-0

[Event "Championnat de France des Jeunes - Junio"]
[Site "MONTLUCON"]
[Date "2011.04.18"]
[Round "2.5"]
[White "Feryn, Alexandre"]
[Black "Ludwig, Remi"]
[Result "1/2-1/2"]
[WhiteElo "2041"]
[BlackElo "2253"]
[PlyCount "106"]

1. e4 c5 2. Nf3 d6 3. c3 Nf6 4. Be2 Bg4 5. O-O e6 6. Re1 Nc6 7. d4 cxd4 8. cxd4
d5 9. e5 Nd7 10. Ng5 Bxe2 11. Rxe2 Be7 12. Nh3 O-O 13. Nf4 Rc8 14. Be3 Qb6 15.
Rd2 Bg5 16. Nxd5 Qd8 17. Bxg5 Qxg5 18. Ne3 Nb6 19. Nc3 Ne7 20. Ne4 Qg6 21. Nd6
Rb8 22. h4 Ned5 23. Ng4 h5 24. Nh2 f6 25. Rd3 fxe5 26. dxe5 Rf4 27. Rg3 Qh6 28.
Nf3 Rg4 29. Rxg4 hxg4 30. Ng5 Qxh4 31. Nxe6 g3 32. fxg3 Qxg3 33. Qh5 g6 34. Qh6
Qe3+ 35. Qxe3 Nxe3 36. Re1 Nec4 37. Nxc4 Nxc4 38. b3 Re8 39. Nc5 Rxe5 40. Rxe5
Nxe5 41. Nxb7 Kf7 42. Kf2 Nd3+ 43. Ke3 Nc1 44. Nd6+ Ke6 45. Nb5 Nxa2 46. Nxa7
Nb4 47. Nb5 Ke5 48. Kf3 Nd3 49. Kg4 Nc1 50. Kg5 Nxb3 51. g4 Nc5 52. Kxg6 Kf4
53. Kh5 Ne4 1/2-1/2

[Event "Championnat de France des Jeunes - Junio"]
[Site "MONTLUCON"]
[Date "2011.04.18"]
[Round "2.6"]
[White "Villegas, Pierre"]
[Black "Nooshian, Kevin"]
[Result "1-0"]
[WhiteElo "2246"]
[BlackElo "2011"]
[PlyCount "144"]

1. d4 d5 2. c4 c6 3. Nf3 Nf6 4. e3 a6 5. Bd3 b5 6. b3 Bg4 7. Nbd2 e6 8. Qc2
Nbd7 9. O-O Bd6 10. Bb2 Qb8 11. Rac1 O-O 12. h3 Bh5 13. Ng5 Bg6 14. Bxg6 hxg6
15. c5 Bh2+ 16. Kh1 Bc7 17. f4 Nh5 18. Rfe1 Qe8 19. g4 Nhf6 20. Ndf3 Nh7 21.
Nxh7 Kxh7 22. g5 f5 23. gxf6 gxf6 24. Rg1 f5 25. Rg3 Nf6 26. Ng5+ Kg7 27. Rcg1
Nh5 28. Rf3 Rh8 29. Bc3 Bd8 30. a4 Nf6 31. Rfg3 Ne4 32. Nxe4 fxe4 33. Qg2 Rh6
34. Ra1 Bh4 35. Rg4 Qh8 36. Kh2 Kf7 37. Ba5 Be7 38. Bc7 Bf6 39. Be5 Qd8 40. Rg1
Qg8 41. Qg3 Be7 42. Ra1 Qd8 43. Qg2 Qg8 44. Qf1 Rh5 45. Rg3 Bf6 46. Qg2 Rh6 47.
b4 Bh4 48. Rg4 Bf6 49. Qg3 Be7 50. Qg2 Bf6 51. Qf1 Qh8 52. Ra2 Rh5 53. Rg3 Rh6
54. Qa1 Qc8 55. axb5 cxb5 56. Rc2 Qc6 57. Rcg2 Rah8 58. Qa5 Bd8 59. Qa1 Bf6 60.
Bxf6 Kxf6 61. Qg1 Rg8 62. Ra2 Rh7 63. Qa1 Ra8 64. Qd1 Rah8 65. Qg4 Rg8 66. Rf2
Qc8 67. Qg5+ Kf7 68. Qe5 Qd8 69. f5 gxf5 70. Rxf5+ exf5 71. Qxf5+ Qf6 72. Qxh7+
Rg7 1-0

[Event "Championnat de France des Jeunes - Junio"]
[Site "MONTLUCON"]
[Date "2011.04.18"]
[Round "2.8"]
[White "Ardellier, Maxime"]
[Black "Bouget, Alexandre"]
[Result "0-1"]
[WhiteElo "1852"]
[BlackElo "2189"]
[Annotator "Rivier,Sylvain"]
[PlyCount "148"]

1. e4 e5 2. Nf3 Nc6 3. Bb5 a6 4. Ba4 Nf6 5. O-O Be7 6. Re1 b5 7. Bb3 d6 8. c3
O-O 9. h3 Be6 10. d4 Bxb3 11. Qxb3 d5 12. exd5 Na5 13. Qc2 exd4 14. cxd4 Nxd5
15. Bd2 Nc4 16. b3 Ncb6 17. Nc3 Nxc3 18. Bxc3 Nd5 19. Bb2 Bd6 20. Ne5 Re8 21.
Qf5 Qf6 22. Qxf6 Nxf6 23. Rac1 Nd5 24. Nd3 f6 25. Rxe8+ Rxe8 26. Re1 Rxe1+ 27.
Nxe1 Nf4 28. Kf1 Kf7 29. Bc1 Nd5 30. Bd2 Ke6 31. Ke2 Ne7 32. Kd3 Kd5 33. Nc2
Kc6 34. Ne3 g6 35. g4 Nd5 36. Nxd5 Kxd5 37. f3 Be7 38. Be3 Bb4 39. Bf2 f5 40.
gxf5 gxf5 41. Be3 Be1 42. Bc1 Bf2 43. Bb2 a5 44. a4 b4 45. Ba1 Bh4 46. Bb2 Bf6
47. Bc1 Bxd4 48. Bf4 Be5 49. Bxe5 Kxe5 50. Kc4 c6 51. Kc5 Kf4 52. Kb6 Kxf3 53.
Kxa5 Kg3 54. Kxb4 f4 55. a5 f3 56. a6 f2 57. a7 f1=Q 58. a8=Q Qb5+ 59. Kc3 Kxh3
60. Qe8 Qc5+ 61. Kd3 Qd5+ 62. Kc3 h5 63. Qc8+ Kg2 64. Qh8 Qf3+ 65. Kc4 Qe4+ 66.
Kc5 h4 67. Qb2+ Kg3 68. Qg7+ Kf3 69. Qf6+ Kg2 70. Qb2+ Kg1 71. Qc1+ Kh2 72.
Qd2+ Qg2 73. Qd6+ Kh1 74. b4 Qe4 {suite illisible} 0-1

[Event "Championnat de France des Jeunes - Junio"]
[Site "MONTLUCON"]
[Date "2011.04.18"]
[Round "2.9"]
[White "Lambert, Romain"]
[Black "Blum, Nicolas"]
[Result "0-1"]
[WhiteElo "2054"]
[BlackElo "2245"]
[PlyCount "50"]

1. d4 Nf6 2. c4 e6 3. Nc3 Bb4 4. Qc2 c5 5. dxc5 O-O 6. a3 Bxc5 7. Nf3 b6 8. Bf4
Bb7 9. e4 Nc6 10. Rd1 Ne7 11. Bg5 Ng6 12. Be2 Be7 13. O-O Nh5 14. Be3 Nhf4 15.
Nd4 Qc8 16. b4 Nxe2+ 17. Qxe2 Ne5 18. Rc1 Nxc4 19. Ncb5 d5 20. exd5 exd5 21.
Bf4 Qd7 22. Rfe1 Bf6 23. Qd3 g6 24. Nc3 Rfe8 25. Nf5 Bxc3 0-1

[Event "Championnat de France des Jeunes - Junio"]
[Site "MONTLUCON"]
[Date "2011.04.18"]
[Round "2.10"]
[White "Auvray, Simon"]
[Black "Menissier, Fabien"]
[Result "1-0"]
[WhiteElo "2065"]
[BlackElo "1579"]
[PlyCount "63"]

1. e4 c5 2. Nf3 d6 3. c3 Nf6 4. Be2 Nc6 5. d4 cxd4 6. cxd4 e6 7. Nc3 Be7 8. O-O
a6 9. Bf4 O-O 10. d5 Na7 11. Nd2 b5 12. Bf3 Bb7 13. Qb3 Qd7 14. dxe6 fxe6 15.
e5 Bxf3 16. Nxf3 Nh5 17. exd6 Nxf4 18. dxe7 Qxe7 19. Rae1 Rae8 20. Ne2 Nc6 21.
Nxf4 Rxf4 22. Qe3 Rc4 23. b3 Rc2 24. Ng5 Rxa2 25. Nxh7 Nb4 26. Qe4 Rd2 27. h4
Nc2 28. Ng5 Qd7 29. Qh7+ Kf8 30. Qh8+ Ke7 31. Qxg7+ Kd8 32. Qf6+ 1-0

[Event "Championnat de France des Jeunes - Junio"]
[Site "MONTLUCON"]
[Date "2011.04.18"]
[Round "3.1"]
[White "Demuth, Adrien"]
[Black "Villegas, Pierre"]
[Result "1/2-1/2"]
[WhiteElo "2375"]
[BlackElo "2246"]
[PlyCount "56"]
[EventDate "2011.??.??"]

1. d4 d5 2. c4 c6 3. Nf3 Nf6 4. Nc3 g6 5. e3 Bg7 6. Be2 O-O 7. O-O b6 8. cxd5
cxd5 9. Bd2 Ne4 10. Be1 Bb7 11. Qb3 e6 12. a4 Nxc3 13. Bxc3 a6 14. Rfc1 Nc6 15.
Qd1 Qd6 16. Qb3 Qd8 17. Rd1 Re8 18. Rac1 Bf8 19. Ne5 Rc8 20. Nd3 a5 21. Ne5 f6
22. Nxc6 Bxc6 23. Ba6 Ra8 24. Bb5 Bxb5 25. Qxb5 Qd6 26. Be1 Rec8 27. Rc3 Rxc3
28. Bxc3 Rc8 1/2-1/2

[Event "Championnat de France des Jeunes - Junio"]
[Site "MONTLUCON"]
[Date "2011.04.18"]
[Round "3.2"]
[White "Fantinel, Thibault"]
[Black "Massoni, Michael"]
[Result "1/2-1/2"]
[WhiteElo "2235"]
[BlackElo "2338"]
[PlyCount "51"]

1. c4 e5 2. g3 Nf6 3. Bg2 d5 4. cxd5 Nxd5 5. Nf3 Nc6 6. O-O Be7 7. d4 e4 8. Ne5
f5 9. Nxc6 bxc6 10. Nc3 O-O 11. f3 exf3 12. Bxf3 Rb8 13. Nxd5 cxd5 14. Qc2 Rb4
15. Rd1 Rc4 16. Qb3 c6 17. Be3 Bd6 18. Rac1 Rb4 19. Qc3 Rb6 20. Bf4 Bxf4 21.
gxf4 Bd7 22. b3 Rf6 23. e3 Qe7 24. Re1 Rh6 25. Rc2 Be8 26. Rg2 1/2-1/2

[Event "Championnat de France des Jeunes - Junio"]
[Site "MONTLUCON"]
[Date "2011.04.18"]
[Round "3.3"]
[White "Bouget, Alexandre"]
[Black "Stephan, Victor"]
[Result "1/2-1/2"]
[WhiteElo "2189"]
[BlackElo "2278"]
[PlyCount "33"]

1. d4 Nf6 2. c4 e6 3. Nc3 Bb4 4. a3 Bxc3+ 5. bxc3 c5 6. f3 d5 7. cxd5 Nxd5 8.
dxc5 Qa5 9. e4 Ne7 10. Be3 O-O 11. Qb3 Qc7 12. Nh3 Nd7 13. Nf2 Nxc5 14. Qc4 b6
15. Bxc5 Qxc5 16. Qxc5 bxc5 17. Rb1 1/2-1/2

[Event "Championnat de France des Jeunes - Junio"]
[Site "MONTLUCON"]
[Date "2011.04.18"]
[Round "3.5"]
[White "Ludwig, Remi"]
[Black "Le Goff, Ronan"]
[Result "1/2-1/2"]
[WhiteElo "2253"]
[BlackElo "2055"]
[PlyCount "134"]

1. d4 d5 2. c4 e6 3. Nc3 Nf6 4. cxd5 exd5 5. Bg5 Nbd7 6. e3 Be7 7. Bd3 O-O 8.
Nge2 Re8 9. Qc2 Nf8 10. h3 c6 11. g4 Ne4 12. Bxe7 Qxe7 13. Bxe4 dxe4 14. Ng3 c5
15. d5 b5 16. Ncxe4 Bb7 17. O-O-O Rad8 18. d6 Qe5 19. f3 Nd7 20. Rhf1 Nb6 21.
Qc3 Qxc3+ 22. bxc3 Nc4 23. Nxc5 Bc6 24. Nf5 Nxe3 25. Ne7+ Rxe7 26. dxe7 Rxd1+
27. Rxd1 Nxd1 28. Kxd1 f6 29. Nb7 Bxf3+ 30. Kd2 Kf7 31. Nd6+ Kxe7 32. Nxb5 a5
33. Nd4 Bg2 34. h4 g6 35. g5 fxg5 36. hxg5 Kd6 37. Ke3 Bd5 38. a3 Ke5 39. a4
Bb7 40. c4 Kd6 41. Nb3 Bc6 42. Nxa5 Bxa4 43. Kf4 Bd7 44. Nb7+ Kc6 45. Nd8+ Kc5
46. Ke5 Kxc4 47. Kf6 Kd5 48. Kg7 Bf5 49. Kxh7 Kd6 50. Kg7 Be4 51. Kf6 Kd7 52.
Nf7 Bc2 53. Ne5+ Ke8 54. Kg7 Bb1 55. Nxg6 Bc2 56. Kf6 Bb1 57. Kg7 Bc2 58. Nf4
Bb1 59. Nd5 Bc2 60. Ne3 Bb1 61. Kf6 Kf8 62. Nd5 Kg8 63. Ne7+ Kh7 64. Kf7 Bg6+
65. Kf6 Bb1 66. Nf5 Kg8 67. g6 Bxf5 1/2-1/2

[Event "Championnat de France des Jeunes - Junio"]
[Site "MONTLUCON"]
[Date "2011.04.18"]
[Round "3.7"]
[White "Gertosio, Franck"]
[Black "Louis-Sidois, Charles"]
[Result "0-1"]
[WhiteElo "2166"]
[BlackElo "1901"]
[PlyCount "56"]

1. e4 c5 2. Nf3 d6 3. d4 cxd4 4. Nxd4 Nf6 5. Nc3 g6 6. g3 Bg7 7. Bg2 O-O 8. O-O
Nc6 9. Nde2 a6 10. h3 Rb8 11. Be3 Qc7 12. a4 Bd7 13. f4 Na5 14. e5 dxe5 15.
fxe5 Qxe5 16. Bd4 Qc7 17. Rxf6 Bxf6 18. Nd5 Bxd4+ 19. Qxd4 Qd6 20. Rf1 Nc6 21.
Qh4 Be6 22. Nec3 Bxd5 23. Nxd5 Rbd8 24. Kh2 Qc5 25. c4 Rd7 26. Rf4 Nb4 27. Qh6
Nxd5 28. cxd5 Qe3 0-1

[Event "Championnat de France des Jeunes - Junio"]
[Site "MONTLUCON"]
[Date "2011.04.19"]
[Round "4.1"]
[White "Feryn, Alexandre"]
[Black "Demuth, Adrien"]
[Result "0-1"]
[WhiteElo "2041"]
[BlackElo "2375"]
[PlyCount "44"]

1. e4 c5 2. Nf3 d6 3. d4 cxd4 4. Nxd4 Nf6 5. Nc3 Nc6 6. Bg5 e6 7. Qd2 a6 8.
O-O-O h6 9. Nxc6 bxc6 10. Bf4 d5 11. Qe3 Be7 12. Be2 O-O 13. h4 d4 14. Qg3 Kh8
15. e5 Ng8 16. Ne4 Qd5 17. Nd2 Qxa2 18. Nb3 a5 19. Bd3 a4 20. Nxd4 Bb4 21. c3
a3 22. Rd2 axb2+ 0-1

[Event "Championnat de France des Jeunes - Junio"]
[Site "MONTLUCON"]
[Date "2011.04.19"]
[Round "4.2"]
[White "Massoni, Michael"]
[Black "Bouget, Alexandre"]
[Result "1/2-1/2"]
[WhiteElo "2338"]
[BlackElo "2189"]
[Annotator "Rivier,Sylvain"]
[PlyCount "75"]

1. e4 e5 2. Nf3 Nc6 3. Bb5 a6 4. Ba4 Nf6 5. d3 Bc5 6. Nc3 d6 7. Nd5 b5 8. Bb3
Bg4 9. c3 Qd7 10. h3 Nxd5 11. hxg4 Nf6 12. g5 Ng8 13. a4 Rd8 14. axb5 axb5 15.
g6 fxg6 16. Ng5 Nh6 17. Ne6 Rb8 18. Bxh6 gxh6 19. Rxh6 Nd8 20. Qg4 Nxe6 21.
Bxe6 Qg7 22. Rh1 b4 23. Bd5 Qf6 24. f4 bxc3 25. bxc3 h5 26. Bc6+ Kf8 27. Qd7
Qe7 28. Qh3 Kg7 29. f5 Rb6 30. Bd5 Rhb8 31. fxg6 Rb1+ 32. Rxb1 Rxb1+ 33. Ke2
Rb2+ 34. Ke1 c6 35. Qxh5 Rb1+ 36. Ke2 Rxh1 37. Qxh1 Kxg6 38. Bxc6 {suite
illisible} 1/2-1/2

[Event "Championnat de France des Jeunes - Junio"]
[Site "MONTLUCON"]
[Date "2011.04.19"]
[Round "4.3"]
[White "Louis-Sidois, Charles"]
[Black "Sochacki, Wojtek"]
[Result "0-1"]
[WhiteElo "1901"]
[BlackElo "2294"]
[Annotator "Rivier,Sylvain"]
[PlyCount "72"]

1. e4 c5 2. Nf3 Nc6 3. d4 cxd4 4. Nxd4 g6 5. Nc3 Bg7 6. Be3 Nf6 7. Nxc6 bxc6 8.
e5 Ng8 9. f4 Nh6 10. Bc4 O-O 11. Qf3 d6 12. O-O-O Bg4 13. Qxc6 Bxd1 14. Rxd1
Nf5 15. Bf2 h5 16. Nb5 Rc8 17. Qe4 a6 18. Na7 Rc7 19. Bb3 Qa8 20. Bd5 Qb8 21.
Nc6 Rxc6 22. Bxc6 dxe5 23. Rd7 exf4 24. Rb7 Qd6 25. Rd7 Qf6 26. c3 Rb8 27. Rb7
Rxb7 28. Bxb7 Nd6 29. Qc6 Nxb7 30. Qxb7 e5 31. Qe4 Qg5 32. Kc2 f5 33. Qd5+ Kh7
34. Qb7 Kh6 35. h4 Qg4 36. Qf3 e4 {suite illisible} 0-1

[Event "Championnat de France des Jeunes - Junio"]
[Site "MONTLUCON"]
[Date "2011.04.19"]
[Round "4.4"]
[White "Stephan, Victor"]
[Black "Fantinel, Thibault"]
[Result "0-1"]
[WhiteElo "2278"]
[BlackElo "2235"]
[PlyCount "102"]

1. Nf3 c5 2. c4 g6 3. g3 Bg7 4. Bg2 Nc6 5. O-O e6 6. Nc3 Nge7 7. a3 O-O 8. Rb1
a5 9. Ne1 d5 10. cxd5 exd5 11. d3 Be6 12. Bf4 Rc8 13. Qd2 Nd4 14. Nf3 Nef5 15.
Ng5 Qd7 16. Nxe6 fxe6 17. e4 dxe4 18. dxe4 Ne7 19. Rfd1 b5 20. Ne2 Nec6 21.
Nxd4 Bxd4 22. Qe2 e5 23. Be3 b4 24. axb4 axb4 25. Ra1 Ra8 26. Qc4+ Qf7 27. Bf1
Qxc4 28. Bxc4+ Kg7 29. Bd5 Rxa1 30. Rxa1 Rc8 31. Ra6 Ne7 32. Ra7 Kf6 33. Ra6+
Kg7 34. Bg5 Nxd5 35. exd5 Rc7 36. d6 Rd7 37. Rc6 Kf7 38. b3 Ke6 39. Be7 Ra7 40.
Rc8 e4 41. Re8 Kd7 42. Rd8+ Ke6 43. Kg2 c4 44. bxc4 b3 45. Rb8 b2 46. c5 Ra1
47. c6 b1=Q 48. Rxb1 Rxb1 49. Bf8 Rc1 50. d7 Bf6 51. Bg7 Bd8 0-1

[Event "Championnat de France des Jeunes - Junio"]
[Site "MONTLUCON"]
[Date "2011.04.19"]
[Round "4.5"]
[White "Villegas, Pierre"]
[Black "Ludwig, Remi"]
[Result "1-0"]
[WhiteElo "2246"]
[BlackElo "2253"]
[PlyCount "59"]

1. d4 Nf6 2. c4 g6 3. Nc3 d5 4. Nf3 Bg7 5. cxd5 Nxd5 6. e4 Nxc3 7. bxc3 O-O 8.
Rb1 c5 9. Be2 b6 10. O-O Qc7 11. Qb3 Bb7 12. d5 Nd7 13. c4 Rae8 14. Bb2 e5 15.
a4 h6 16. a5 Rb8 17. axb6 axb6 18. Ra1 Kh7 19. Ra7 Qd6 20. Ne1 f5 21. exf5 gxf5
22. f4 e4 23. Bxg7 Kxg7 24. Nc2 Rf7 25. Ne3 Bc8 26. Bh5 Rf8 27. Be8 Kg8 28.
Bxd7 Bxd7 29. Qc3 Rfe8 30. Nxf5 1-0